000
00217nam a2200097Ia 4500
008
240331s9999 xx 000 0 und d
082
_b
ESS
100
_a
Eyal, A. ed
245
0
_a
Essays in postmodern culture
942
_c
L
999
_c
1589
_d
1589